[Event "ch-USA w 2015"]
[Site "Saint Louis USA"]
[Date "2015.04.04"]
[Round "4.4"]
[White "Abrahamyan, Tatev"]
[Black "Yu, Jennifer R"]
[Result "1-0"]
[WhiteTitle "WGM"]
[BlackTitle "WFM"]
[WhiteElo "2322"]
[BlackElo "2180"]
[WhiteFideId "13301918"]
[BlackFideId "2078341"]
[EventDate "2015.04.01"]

1. e4 e5 2. Nf3 d6 3. d4 exd4 4. Nxd4 Nf6 5. Nc3 Be7 6. g3 Nc6 7. Bg2 Nxd4 8.
Qxd4 O-O 9. O-O c6 10. Bf4 Qb6 11. Qxb6 axb6 12. a4 Be6 13. Rad1 Rfd8 14. h3 h6
15. Rd2 g5 16. Be3 Nd7 17. b3 f5 18. exf5 Bxf5 19. f4 g4 20. hxg4 Bxg4 21. Ne4
d5 22. Nf2 Be6 23. Re2 Re8 24. Bxb6 Bf6 25. Bc7 Bd4 26. Rd1 Bc5 27. Kf1 Kf7 28.
Bf3 Rec8 29. Bh5+ Kf6 30. Bg4 Bf5 31. Be5+ Nxe5 32. Bxf5 Kxf5 33. Rxe5+ Kg6 34.
Re6+ Kg7 35. Ng4 h5 36. Ne5 Rh8 37. Rg6+ Kf8 38. Rg5 Rh7 39. Kg2 Be7 40. Rf5+
Ke8 41. Rh1 h4 42. g4 Ra5 43. Nd3 Kd7 44. Kh3 Kd6 45. g5 c5 46. Kg4 Ra8 47. Rxh4
Rxh4+ 48. Kxh4 c4 49. Nb4 d4 50. bxc4 Rxa4 51. Rb5 Ke6 52. f5+ Kf7 53. Nd3 Ra7
54. Kg4 Bf8 55. f6 Kg8 56. g6 Ra2 57. Rxb7 Rxc2 58. g7 Bd6 59. Rd7 Rg2+ 60. Kf5 1-0

[Event "ch-USA w 2015"]
[Site "Saint Louis USA"]
[Date "2015.04.04"]
[Round "4.5"]
[White "Wang, Annie"]
[Black "Foisor, Sabina-Francesca"]
[Result "0-1"]
[WhiteTitle "WIM"]
[BlackTitle "WGM"]
[WhiteElo "1901"]
[BlackElo "2276"]
[WhiteFideId "2053900"]
[BlackFideId "1212915"]
[EventDate "2015.04.01"]

1. d4 d5 2. c4 c6 3. cxd5 cxd5 4. Nf3 Nf6 5. Nc3 Nc6 6. Bf4 Nh5 7. Be5 f6 8. Bg3
Nxg3 9. hxg3 e5 10. e3 e4 11. Nd2 Be6 12. a3 Be7 13. Be2 O-O 14. b4 f5 15. Nb3
Bf7 16. Rc1 a5 17. b5 Na7 18. a4 b6 19. Bh5 g6 20. Be2 Qd6 21. O-O h5 22. Qe1
Rae8 23. Nb1 Bd8 24. Rc2 Kg7 25. Qc1 Rh8 26. f4 exf3 27. Rxf3 Qb4 28. N3d2 Bg5
29. Nf1 Rc8 30. Rxc8 Rxc8 31. Qd1 Qb2 32. Qd3 Rc1 33. Nd2 Rc3 34. Qb1 Qa3 35.
Qe1 Rc1 36. Qf2 Qxa4 37. Bd3 Be6 38. Qe2 Qb4 39. Kh2 a4 40. Rf2 a3 41. Nf3 Bf6
42. Nh4 Bxh4 43. gxh4 Bd7 44. Qf3 Qd6+ 45. Ng3 Nxb5 46. Qe2 Nc7 47. Qd2 Rc6 48.
Rf4 Ne6 49. Rf3 Rc8 50. Kg1 Nf8 51. Qf2 Rc1+ 52. Kh2 Nh7 53. Qd2 Rc7 54. Kg1 Nf6
55. Ne2 b5 56. Bb1 b4 57. Qd3 Ne4 58. Qb3 Nd2 0-1

[Event "ch-USA w 2015"]
[Site "Saint Louis USA"]
[Date "2015.04.04"]
[Round "4.6"]
[White "Sharevich, Anna"]
[Black "Ni, Viktorija"]
[Result "1/2-1/2"]
[WhiteTitle "WGM"]
[BlackTitle "WIM"]
[WhiteElo "2267"]
[BlackElo "2188"]
[WhiteFideId "13503189"]
[BlackFideId "11602252"]
[EventDate "2015.04.01"]

1. d4 c5 2. d5 e5 3. e4 d6 4. Nc3 Be7 5. Bb5+ Kf8 6. a4 Bg5 7. Nge2 Bxc1 8. Qxc1
a6 9. Bd3 g6 10. O-O Kg7 11. f4 exf4 12. Qxf4 Qe7 13. Ng3 Nd7 14. Rf2 Ne5 15.
Raf1 h5 16. h3 h4 17. Nh1 g5 18. Qe3 Rh6 19. Be2 Bd7 20. a5 Rf8 21. Nd1 Ng6 22.
Qc3+ Qe5 23. Ne3 Qxc3 24. bxc3 Nf4 25. Bg4 Bxg4 26. Nxg4 Rh8 27. Ne3 Ne7 28. Rb1
Rb8 29. Rd2 Rhf8 30. Rb6 Nc8 31. Nf5+ Kg6 32. Rb1 Re8 33. Nf2 Re5 34. Ne3 Re8
35. Nc4 f5 36. e5 Kg7 37. e6 b5 38. axb6 Re7 39. Nd1 Kf6 40. Nde3 Reb7 41. Ra1
Ra8 42. Rf2 a5 43. Kh2 a4 44. Ra3 Rbb8 45. Rf1 Nxb6 46. Nxd6 Nbxd5 47. Nxd5+
Nxd5 48. Nxf5 Kxe6 49. Ng7+ Kd6 50. c4 Nf4 51. Nf5+ Ke5 52. Ne3 Rb2 53. Re1 Kd6
54. Rd1+ Kc6 55. Rd2 Rb4 56. Rd1 Re8 57. Rd2 Rb1 58. g3 hxg3+ 59. Kxg3 Rh1 60.
Kg4 Rxh3 61. Kxg5 Rhxe3 62. Rxe3 Rxe3 63. Kxf4 Rc3 64. Rh2 Kb6 65. Ke4 a3 66.
Rh8 Rxc4+ 67. Kd3 Ra4 68. Rh1 a2 69. Ra1 Ra3+ 70. Kd2 c4 71. c3 Kb5 72. Kd1 Kc5
73. Kc2 Kd5 74. Kb2 Rb3+ 75. Kc2 Ra3 76. Kb2 Rb3+ 77. Kc2 1/2-1/2

[Event "ch-USA w 2015"]
[Site "Saint Louis USA"]
[Date "2015.04.05"]
[Round "5.1"]
[White "Krush, Irina"]
[Black "Goletiani, Rusudan"]
[Result "1-0"]
[WhiteTitle "GM"]
[BlackTitle "IM"]
[WhiteElo "2477"]
[BlackElo "2311"]
[WhiteFideId "2012782"]
[BlackFideId "13601105"]
[EventDate "2015.04.01"]

1. d4 e6 2. c4 Bb4+ 3. Bd2 Bxd2+ 4. Qxd2 f5 5. Nc3 Nf6 6. e3 Qe7 7. Bd3 d6 8.
Qc2 O-O 9. Nge2 Nc6 10. a3 e5 11. dxe5 Nxe5 12. O-O Nfg4 13. h3 Qh4 14. Nf4 g5
15. Nfd5 f4 16. exf4 gxf4 17. f3 Ne3 18. Nxe3 fxe3 19. Rae1 Bxh3 20. Rxe3 Kh8
21. Qf2 Qh6 22. Rxe5 Bxg2 23. Rh5 Qxh5 24. Qd4+ Kg8 25. Kxg2 Rf7 26. Qd5 Qh6 27.
Rh1 Qd2+ 28. Ne2 Kf8 29. Rh4 Re8 30. Re4 Rxe4 31. Qxe4 Qxb2 32. a4 h5 33. c5 Qa3
34. Nf4 Qb2+ 35. Kh3 Qf6 36. Ng6+ Kg7 37. Nh4 Kf8 38. Bc4 Rg7 39. Qxb7 Qe7 40.
Nf5 Qd8 41. cxd6 Rd7 42. Qb2 Rh7 43. Qg2 Rf7 44. Bxf7 Kxf7 45. Qg7+ Ke6 46. dxc7
Qc8 47. Qe7+ Kxf5 48. Qd8 1-0

[Event "ch-USA w 2015"]
[Site "Saint Louis USA"]
[Date "2015.04.05"]
[Round "5.2"]
[White "Nemcova, Katerina"]
[Black "Abrahamyan, Tatev"]
[Result "1/2-1/2"]
[WhiteTitle "WGM"]
[BlackTitle "WGM"]
[WhiteElo "2279"]
[BlackElo "2322"]
[WhiteFideId "322750"]
[BlackFideId "13301918"]
[EventDate "2015.04.01"]

1. e4 c5 2. Nf3 d6 3. d4 cxd4 4. Qxd4 Nc6 5. Bb5 Bd7 6. Qd3 Nf6 7. c4 a6 8. Bxc6
Bxc6 9. Nc3 g6 10. O-O Bg7 11. Rb1 O-O 12. Nd4 Nd7 13. Rd1 Rc8 14. b3 Ne5 15.
Qe2 Bd7 16. Bb2 Nc6 17. Nxc6 Bxc6 18. Nd5 b5 19. Bxg7 Kxg7 20. e5 Bxd5 21. Rxd5
bxc4 22. exd6 exd6 23. bxc4 Qc7 24. Rc1 Rfe8 25. Qb2+ Kg8 26. h3 Re4 27. Qd2
Rxc4 28. Rxc4 Qxc4 29. Rxd6 Rc6 30. Rxc6 Qxc6 1/2-1/2

[Event "ch-USA w 2015"]
[Site "Saint Louis USA"]
[Date "2015.04.05"]
[Round "5.3"]
[White "Paikidze, Nazi"]
[Black "Sharevich, Anna"]
[Result "1/2-1/2"]
[WhiteTitle "IM"]
[BlackTitle "WGM"]
[WhiteElo "2333"]
[BlackElo "2267"]
[WhiteFideId "13603620"]
[BlackFideId "13503189"]
[EventDate "2015.04.01"]

1. Nf3 d5 2. g3 c6 3. Bg2 Nf6 4. b3 Bg4 5. Bb2 Nbd7 6. O-O e6 7. d3 Bd6 8. e4 e5
9. h3 Bxf3 10. Qxf3 O-O 11. Nd2 d4 12. c3 c5 13. cxd4 cxd4 14. Nc4 Be7 15. a4
Ne8 16. Qe2 Nd6 17. Rac1 Nxc4 18. Rxc4 a6 19. Rfc1 Bd6 20. h4 Qe7 21. Bh3 Nb8
22. Rb1 Nc6 23. Bc1 Na5 24. Rc2 Nc6 25. Rc4 Na5 26. Rc2 Nc6 27. Rc4 1/2-1/2

[Event "ch-USA w 2015"]
[Site "Saint Louis USA"]
[Date "2015.04.05"]
[Round "5.4"]
[White "Foisor, Sabina-Francesca"]
[Black "Melekhina, Alisa"]
[Result "1/2-1/2"]
[WhiteTitle "WGM"]
[BlackTitle "FM"]
[WhiteElo "2276"]
[BlackElo "2235"]
[WhiteFideId "1212915"]
[BlackFideId "2022613"]
[EventDate "2015.04.01"]

1. d4 Nf6 2. Nf3 c5 3. d5 d6 4. Nc3 g6 5. e4 Bg7 6. Be2 O-O 7. O-O Nfd7 8. Bf4
Na6 9. Nd2 Rb8 10. a4 Nc7 11. Nc4 Ne5 12. Nxe5 dxe5 13. Bg5 Qd6 14. Bxe7 Qxe7
15. d6 Qd8 16. dxc7 Qxc7 17. Bc4 b6 18. Qe2 Be6 19. Bd5 Rfc8 20. Qc4 Qe7 21.
Rfd1 Rc7 22. Rd3 Bd7 23. Rad1 Be8 24. b3 Kh8 25. Rf3 h6 26. Qe2 Rd8 27. Bc4
Rxd1+ 28. Qxd1 Rd7 29. Nd5 Rd6 30. Rd3 Qh4 31. f3 Bc6 32. Ne3 Rxd3 33. Qxd3 Qe7
34. Bd5 Bd7 35. g3 h5 36. Kf2 h4 37. Bc4 Bh6 38. Ng2 hxg3+ 39. hxg3 Bh3 40. Ne1
Be6 41. Bxe6 fxe6 42. Qc3 Qd6 43. Nd3 Bg7 44. Nb2 Kg8 45. Qd3 Qe7 46. Nc4 Qg5
47. Qd7 Qc1 48. Qxe6+ Kh7 49. Qh3+ Kg8 50. Qc8+ Kh7 51. Qh3+ Kg8 52. Qe6+ Kh7
53. Qd7 Qxc2+ 54. Nd2 Kg8 55. Ke2 Bh6 56. Qe8+ Kh7 57. Qf7+ Kh8 58. f4 Bg7 59.
Qxg6 exf4 60. Qh5+ Kg8 61. Qd5+ Kf8 62. gxf4 Bc3 63. Qd3 Qb2 64. e5 Bxd2 65.
Qd8+ Kg7 66. Qxd2 Qxb3 67. f5 Qc4+ 68. Kf3 Qb3+ 69. Kf2 Qxa4 70. Qg5+ Kf8 71.
Qd8+ Qe8 72. Qd5 Qh5 73. e6 Qh4+ 74. Ke3 Qe1+ 75. Kd3 Qd1+ 76. Kc4 Qa4+ 77. Kc3
Qa3+ 78. Kc2 Qa4+ 79. Kd2 Qf4+ 80. Ke2 Qg4+ 81. Ke3 Qg1+ 82. Ke2 Qg4+ 83. Kf1
Qf4+ 84. Ke1 Qg3+ 85. Kd1 Qg4+ 86. Kc1 Qf4+ 87. Kc2 Qa4+ 88. Kc1 Qf4+ 89. Kc2
Qa4+ 90. Kc1 1/2-1/2

[Event "ch-USA w 2015"]
[Site "Saint Louis USA"]
[Date "2015.04.05"]
[Round "5.5"]
[White "Yu, Jennifer R"]
[Black "Virkud, Apurva"]
[Result "0-1"]
[WhiteTitle "WFM"]
[BlackTitle "WCM"]
[WhiteElo "2180"]
[BlackElo "2132"]
[WhiteFideId "2078341"]
[BlackFideId "2050820"]
[EventDate "2015.04.01"]

1. c4 e6 2. Nc3 d5 3. d4 Nf6 4. cxd5 exd5 5. Bg5 Be7 6. e3 c6 7. Bd3 Nbd7 8. Nf3
O-O 9. Qc2 Re8 10. O-O Nf8 11. h3 g6 12. Rab1 Ne6 13. Bh4 Ng7 14. b4 a6 15. a4
Bf5 16. Bg3 Bxd3 17. Qxd3 Nf5 18. Bh2 Bd6 19. b5 axb5 20. axb5 Bxh2+ 21. Kxh2
Ra3 22. Qd2 Nd6 23. bxc6 Nc4 24. Qc1 bxc6 25. Ne5 Qa5 26. Nxc4 dxc4 27. Ra1 Ra8
28. Rxa3 Qxa3 29. Qxa3 Rxa3 30. Rc1 Nd5 31. Nd1 Nb6 32. Nb2 c3 33. Nd1 Na4 34.
Kg3 Kg7 35. Kf3 Kf6 36. Ke4 Ke6 37. f3 f5+ 38. Kf4 h6 39. g4 fxg4 40. fxg4 Kd5
41. Nf2 Kc4 42. h4 Kb3 43. e4 c2 44. Nd3 Kc3 45. Ke3 Nb6 46. Ke2 Nc4 47. Ne1 Ra2
48. d5 cxd5 49. exd5 Rb2 50. h5 g5 51. Kf3 Ne5+ 52. Ke2 Nxg4 53. d6 Ne5 54. Ke3
Nc4+ 55. Kf3 Nxd6 56. Nxc2 Rxc2 57. Rh1 Kd3 58. Re1 Kd4 59. Re6 Nf5 60. Kg4 Rf2
61. Ra6 Rf4+ 62. Kh3 Rh4+ 0-1

[Event "ch-USA w 2015"]
[Site "Saint Louis USA"]
[Date "2015.04.05"]
[Round "5.6"]
[White "Ni, Viktorija"]
[Black "Wang, Annie"]
[Result "1-0"]
[WhiteTitle "WIM"]
[BlackTitle "WIM"]
[WhiteElo "2188"]
[BlackElo "1901"]
[WhiteFideId "11602252"]
[BlackFideId "2053900"]
[EventDate "2015.04.01"]

1. c4 Nf6 2. Nf3 e6 3. g3 d5 4. Bg2 dxc4 5. Qa4+ c6 6. Qxc4 b5 7. Qc2 Bb7 8. a4
b4 9. b3 c5 10. O-O Be7 11. Bb2 Nbd7 12. d3 O-O 13. Nbd2 Nd5 14. e4 Nc7 15. Nc4
a5 16. Rad1 f5 17. Rfe1 Ra6 18. Nfe5 Nxe5 19. Bxe5 Ne8 20. d4 cxd4 21. Bxd4 Qc7
22. Qe2 Bc5 23. Qe3 Bxd4 24. Qxd4 Nf6 25. exf5 Bxg2 26. Kxg2 exf5 27. Qe5 Qb7+
28. f3 Qc8 29. Qb5 f4 30. Re7 fxg3 31. hxg3 Re6 32. Rxe6 Qxe6 33. Qe5 Qf7 34.
Qxa5 Qg6 35. Rd8 Qc2+ 36. Nd2 Rxd8 37. Qxd8+ Kf7 38. a5 Qd1 39. Qd3 Qa1 40. Qc4+
Kg6 41. Qxb4 Qe1 42. Qd4 Qe2+ 43. Kh3 Qe1 44. Qd3+ Kf7 45. Kg2 Nh5 46. Qd5+ Kf8
47. Qf5+ Nf6 48. Ne4 Qe2+ 49. Nf2 Qa2 50. Qc5+ Ke8 51. Qc8+ Ke7 52. Qb7+ Kd6 53.
Qb6+ Kd7 54. b4 Nd5 55. Qd4 Ke6 56. f4 Qb3 57. Nd3 Qc2+ 58. Kh3 Nf6 59. Qe5+ Kf7
60. Qd4 Qc8+ 61. Kg2 Qc6+ 62. Kg1 Qc2 63. Qc4+ Qxc4 64. Ne5+ Ke6 65. Nxc4 Kd5
66. a6 Kc6 67. b5+ Kc7 68. b6+ Kb8 69. Kf2 Ne4+ 70. Kf3 Nc5 71. a7+ Ka8 72. Ke3
Nd7 73. Kd4 Kb7 74. Kd5 Nf6+ 75. Ke6 h6 76. Nd6+ Ka8 77. Nb5 1-0

[Event "ch-USA w 2015"]
[Site "Saint Louis USA"]
[Date "2015.04.07"]
[Round "6.1"]
[White "Yu, Jennifer R"]
[Black "Nemcova, Katerina"]
[Result "0-1"]
[WhiteTitle "WFM"]
[BlackTitle "WGM"]
[WhiteElo "2180"]
[BlackElo "2279"]
[WhiteFideId "2078341"]
[BlackFideId "322750"]
[EventDate "2015.04.01"]

1. c4 Nf6 2. Nc3 e6 3. e4 d5 4. e5 d4 5. exf6 dxc3 6. bxc3 Qxf6 7. d4 Nc6 8. Nf3
e5 9. Nxe5 Nxe5 10. Qe2 Bg4 11. Qxe5+ Qxe5+ 12. dxe5 O-O-O 13. f3 Bf5 14. g4 Bc2
15. Bg5 Rd7 16. Kf2 Bc5+ 17. Be3 Bxe3+ 18. Kxe3 Re8 19. Rc1 Ba4 20. f4 g5 21.
Bg2 Rde7 22. Rb1 b6 23. Be4 f6 24. Bf5+ Kb7 25. e6 Bd7 26. Be4+ Kc8 27. exd7+
Kxd7 28. Rhd1+ Kc8 29. Kd3 Rxe4 30. fxg5 fxg5 31. Rg1 Re2 32. h4 R8e3+ 33. Kd4
c5+ 34. Kd5 Kc7 35. Rbd1 Re5# 0-1

[Event "ch-USA w 2015"]
[Site "Saint Louis USA"]
[Date "2015.04.07"]
[Round "6.2"]
[White "Sharevich, Anna"]
[Black "Krush, Irina"]
[Result "1/2-1/2"]
[WhiteTitle "WGM"]
[BlackTitle "GM"]
[WhiteElo "2267"]
[BlackElo "2477"]
[WhiteFideId "13503189"]
[BlackFideId "2012782"]
[EventDate "2015.04.01"]

1. d4 Nf6 2. c4 e6 3. g3 c5 4. d5 exd5 5. cxd5 d6 6. Nc3 g6 7. Nf3 Bg7 8. Bg2
O-O 9. O-O Re8 10. Bf4 Ne4 11. Nxe4 Rxe4 12. Nd2 Rxf4 13. gxf4 Bxb2 14. Rb1 Bg7
15. Nc4 Na6 16. Qd2 Bh6 17. e3 b6 18. Rb3 Nc7 19. Re1 Ba6 20. Qc1 Qd7 21. Ra3
Bxc4 22. Qxc4 b5 23. Qe2 a5 24. Rc3 a4 25. Qf3 b4 26. Rcc1 Nb5 27. Bh3 Qb7 28.
Bf1 Na3 29. e4 b3 30. axb3 axb3 31. Bd3 b2 32. Rcd1 c4 33. Bb1 Qb4 34. e5 c3 35.
Qd3 Rc8 36. Qa6 Rd8 37. e6 fxe6 38. dxe6 Nxb1 39. e7 Re8 40. Qc6 Qb8 41. Rxd6
Nd2 42. Rxg6+ hxg6 43. Qxg6+ Bg7 44. Qe6+ Kh7 45. Qf5+ Kg8 46. Qd5+ Kh8 47. Qh5+
Kg8 48. Qd5+ Kh8 49. Qh5+ Kg8 1/2-1/2

[Event "ch-USA w 2015"]
[Site "Saint Louis USA"]
[Date "2015.04.07"]
[Round "6.3"]
[White "Abrahamyan, Tatev"]
[Black "Foisor, Sabina-Francesca"]
[Result "1-0"]
[WhiteTitle "WGM"]
[BlackTitle "WGM"]
[WhiteElo "2322"]
[BlackElo "2276"]
[WhiteFideId "13301918"]
[BlackFideId "1212915"]
[EventDate "2015.04.01"]

1. e4 e5 2. Nf3 Nc6 3. Bb5 a6 4. Ba4 Nf6 5. d3 b5 6. Bb3 Be7 7. O-O d6 8. c3 O-O
9. Nbd2 Na5 10. Bc2 c5 11. Re1 Qc7 12. h3 Re8 13. Nf1 h6 14. d4 Bd7 15. Ng3 Bf8
16. b3 Nc6 17. d5 Ne7 18. Be3 Ng6 19. Nh2 Qc8 20. Nh5 Nh7 21. Ng4 Be7 22. Ng3
Nh4 23. f3 Bg5 24. Qd2 Rf8 25. b4 c4 26. a4 a5 27. bxa5 Rxa5 28. axb5 Rxb5 29.
Ra7 Rb7 30. Rea1 Qc7 31. Qf2 Bxe3 32. Qxe3 Bxg4 33. hxg4 Qb6 34. Qxb6 Rxb6 35.
Nf1 Rb2 36. Ne3 h5 37. gxh5 Nf6 38. R1a2 Rxa2 39. Rxa2 Nxh5 40. Ra6 Rd8 41. Nxc4
Ng3 42. Nxd6 Ne2+ 43. Kf2 Nxc3 44. g3 Ng6 45. Ke3 Ne7 46. Kd2 Ncxd5 47. exd5
Nxd5 48. Bb3 Nc7 49. Rb6 Kf8 50. Ke2 f6 51. Nf5 Nd5 52. Bxd5 Rxd5 53. Rb8+ Kf7
54. Rb7+ Kf8 55. Rb8+ Kf7 56. Rb7+ Kf8 57. Nxg7 Ra5 58. Ke3 Ra4 59. Nf5 Kg8 60.
Nh6+ Kh8 61. Ng4 Ra3+ 62. Ke4 f5+ 63. Kxf5 Rxf3+ 64. Kg6 1-0

[Event "ch-USA w 2015"]
[Site "Saint Louis USA"]
[Date "2015.04.07"]
[Round "6.4"]
[White "Wang, Annie"]
[Black "Paikidze, Nazi"]
[Result "1/2-1/2"]
[WhiteTitle "WIM"]
[BlackTitle "IM"]
[WhiteElo "1901"]
[BlackElo "2333"]
[WhiteFideId "2053900"]
[BlackFideId "13603620"]
[EventDate "2015.04.01"]

1. d4 g6 2. c4 Bg7 3. Nc3 d6 4. Nf3 Nd7 5. Qc2 e5 6. Bg5 f6 7. Be3 Ne7 8. dxe5
fxe5 9. Rd1 O-O 10. c5 Nf6 11. cxd6 cxd6 12. Qb3+ Kh8 13. Nxe5 Qe8 14. Nf3 Nf5
15. Bd4 Be6 16. Qb5 Qxb5 17. Nxb5 Bxa2 18. Ra1 Bc4 19. e3 Nxd4 20. Nfxd4 Bxb5
21. Bxb5 Ne4 22. O-O a6 23. Be2 Bxd4 24. exd4 Rac8 25. Rad1 d5 26. Bd3 Nf6 27.
Rfe1 Kg7 28. f3 Rfe8 29. Kf2 Rxe1 30. Rxe1 Kf7 31. h3 Rc6 32. Re2 Ne8 33. f4 Nd6
34. g4 Ne8 35. f5 g5 36. Ke3 Rc1 37. Rh2 Nf6 38. Kf3 Rd1 39. Ke2 Ra1 40. Kf3 Rd1
41. Ke2 Ra1 42. Kf3 Rc1 43. Ke2 h5 44. gxh5 Nxh5 45. Kd2 Rg1 46. Be2 Nf4 47. Bg4
Kf6 48. Kc2 Rg3 49. Rh1 Re3 50. Kc1 Nd3+ 51. Kd2 Rg3 52. Ke2 Nf4+ 53. Kd2 Rd3+
54. Kc2 Rxd4 55. Rf1 Re4 56. Kd2 Rb4 57. Kc3 Rc4+ 58. Kd2 Ke5 59. Re1+ Re4 60.
Rf1 b6 61. Ra1 a5 62. Rf1 d4 63. Rc1 Kd6 64. Rc8 Ke7 65. Rc7+ Kf8 66. Rb7 Nd5
67. Kd3 Rf4 68. Rb8+ Ke7 69. Rg8 Nb4+ 70. Kc4 d3+ 71. Kc3 Rf2 72. Rg7+ Kf6 73.
Rg6+ Ke5 74. Re6+ Kd5 75. f6 d2 76. Rxb6 Kc5 77. Re6 Nd5+ 78. Kc2 Nxf6 79. Re5+
Kd4 80. Rxa5 Nd5 81. Ra4+ Ke5 82. Ra3 Nb4+ 83. Kd1 Kd4 84. Be2 Nd5 85. Rd3+ Kc5
86. Rxd2 Ne3+ 87. Ke1 Rh2 88. Rd3 Ng2+ 89. Kd1 Nf4 90. Rc3+ Kd4 91. Bg4 Rxb2 92.
Rc2 Rxc2 93. Kxc2 Ke3 94. Kc3 Kf2 95. Kd4 Kg3 96. Ke5 Kh4 97. Kf6 Nd5+ 98. Ke5
Ne3 99. Bd7 Ng2 100. Kf5 Nf4 101. Kf6 Nxh3 102. Bxh3 Kxh3 103. Kxg5 1/2-1/2

[Event "ch-USA w 2015"]
[Site "Saint Louis USA"]
[Date "2015.04.07"]
[Round "6.5"]
[White "Virkud, Apurva"]
[Black "Goletiani, Rusudan"]
[Result "0-1"]
[WhiteTitle "WCM"]
[BlackTitle "IM"]
[WhiteElo "2132"]
[BlackElo "2311"]
[WhiteFideId "2050820"]
[BlackFideId "13601105"]
[EventDate "2015.04.01"]

1. d4 Nf6 2. c4 e6 3. Nc3 Bb4 4. Qc2 d6 5. a3 Bxc3+ 6. Qxc3 Nbd7 7. Nf3 b6 8.
Bg5 Bb7 9. Nd2 h6 10. Bh4 Qe7 11. f3 e5 12. Bf2 e4 13. d5 O-O 14. Bd4 c5 15. Bf2
b5 16. b3 Bxd5 17. cxb5 Rfe8 18. Nc4 Bxc4 19. bxc4 d5 20. O-O-O a6 21. e3 axb5
22. cxb5 d4 23. exd4 cxd4 24. Rxd4 Rxa3 25. Qb2 Rea8 26. Kb1 e3 27. Be1 Qc5 28.
Rc4 Qf5+ 29. Qc2 Ra1+ 0-1

[Event "ch-USA w 2015"]
[Site "Saint Louis USA"]
[Date "2015.04.07"]
[Round "6.6"]
[White "Melekhina, Alisa"]
[Black "Ni, Viktorija"]
[Result "0-1"]
[WhiteTitle "FM"]
[BlackTitle "WIM"]
[WhiteElo "2235"]
[BlackElo "2188"]
[WhiteFideId "2022613"]
[BlackFideId "11602252"]
[EventDate "2015.04.01"]

1. e4 d5 2. exd5 Nf6 3. Nc3 Nxd5 4. Bc4 c6 5. Qf3 Nd7 6. Bxd5 cxd5 7. Qxd5 e6 8.
Qe4 Rb8 9. Nf3 b5 10. Qe2 b4 11. Ne4 Be7 12. O-O O-O 13. d3 Bb7 14. Bf4 Rc8 15.
Nd6 Bxf3 16. gxf3 Rc6 17. Nc4 e5 18. Bg3 h5 19. Rae1 Re6 20. Qe4 Bf6 21. h3 Nc5
22. Qe3 Qd5 23. h4 Rd8 24. b3 Ra6 25. Ra1 Ne6 26. Bxe5 Bxe5 27. Nxe5 Nd4 28. Qe4
Qxe5 29. Rfe1 Rg6+ 30. Kh1 Qxe4 31. Rxe4 f5 32. Re7 Nxf3 33. Rxa7 Rd4 0-1

[Event "ch-USA w 2015"]
[Site "Saint Louis USA"]
[Date "2015.04.08"]
[Round "7.1"]
[White "Nemcova, Katerina"]
[Black "Virkud, Apurva"]
[Result "1-0"]
[WhiteTitle "WGM"]
[BlackTitle "WCM"]
[WhiteElo "2279"]
[BlackElo "2132"]
[WhiteFideId "322750"]
[BlackFideId "2050820"]
[EventDate "2015.04.01"]

1. e4 c5 2. b3 d6 3. Bb2 Nc6 4. Nc3 Nf6 5. Bb5 Bd7 6. f4 a6 7. Bxc6 Bxc6 8. Qe2
e6 9. Nf3 Qc7 10. O-O-O O-O-O 11. d4 d5 12. e5 Nd7 13. dxc5 Bxc5 14. Nd4 Qb6 15.
Qd3 Bb4 16. a3 Nc5 17. Qe3 Bxc3 18. Qxc3 Ne4 19. Qe3 Kb8 20. Rhe1 Rc8 21. Kb1 g6
22. Nf3 Qxe3 23. Rxe3 Rc7 24. Rd4 Rhc8 25. Ng5 h6 26. Nxe4 dxe4 27. a4 Bd5 28.
c4 Bc6 29. Ba3 Ka8 30. a5 h5 31. h4 Re8 32. Kb2 Rcc8 33. Kc3 Ka7 34. Bc5+ Ka8
35. Bb6 Kb8 36. Rd6 Ka8 37. Kd4 Kb8 38. Re1 Rg8 39. g3 Rge8 40. Ra1 Rg8 41. Ra2
Rge8 42. Re2 Rg8 43. Rd2 Rge8 44. Ke3 Rg8 45. R2d4 Rge8 46. b4 Rg8 47. Bc5 Rh8
48. Rd2 Rhg8 49. Rxc6 Rxc6 50. Rd7 Rg7 51. Rd8+ Kc7 52. Rh8 Rxc5 53. bxc5 Kc6
54. Rc8+ Kd7 55. Rf8 Kc6 56. Kxe4 Kxc5 57. Rc8+ Kb4 58. Kd4 Kxa5 59. c5 b5 60.
Rb8 Kb4 61. c6 f5 62. exf6 Rc7 63. Ke5 Rxc6 64. f7 Rc5+ 65. Kxe6 Rf5 66. f8=Q+
Rxf8 67. Rxf8 a5 68. Kf6 a4 69. Kxg6 a3 70. Ra8 Kb3 71. f5 a2 72. f6 1-0

[Event "ch-USA w 2015"]
[Site "Saint Louis USA"]
[Date "2015.04.08"]
[Round "7.2"]
[White "Krush, Irina"]
[Black "Wang, Annie"]
[Result "1-0"]
[WhiteTitle "GM"]
[BlackTitle "WIM"]
[WhiteElo "2477"]
[BlackElo "1901"]
[WhiteFideId "2012782"]
[BlackFideId "2053900"]
[EventDate "2015.04.01"]

1. c4 Nf6 2. Nc3 e6 3. e4 d5 4. cxd5 exd5 5. e5 d4 6. exf6 dxc3 7. Bb5+ c6 8.
Qe2+ Be6 9. Bc4 Qxf6 10. dxc3 Bc5 11. Bxe6 fxe6 12. Nf3 O-O 13. O-O Na6 14. Be3
Bxe3 15. Qxe3 Nc7 16. c4 h6 17. Ne5 Rfd8 18. h3 Qf5 19. Rae1 Kh7 20. Re2 Qf6 21.
b3 Qf8 22. Qg3 Rac8 23. Re4 Qf5 24. Rfe1 Rf8 25. Rd4 Ne8 26. Rd7 Rc7 27. Red1
Qh5 28. f4 Kg8 29. Kh2 Rc8 30. Ng6 Rf7 31. Rxf7 Qxd1 32. Rf8+ 1-0

[Event "ch-USA w 2015"]
[Site "Saint Louis USA"]
[Date "2015.04.08"]
[Round "7.3"]
[White "Goletiani, Rusudan"]
[Black "Sharevich, Anna"]
[Result "0-1"]
[WhiteTitle "IM"]
[BlackTitle "WGM"]
[WhiteElo "2311"]
[BlackElo "2267"]
[WhiteFideId "13601105"]
[BlackFideId "13503189"]
[EventDate "2015.04.01"]

1. Nf3 d5 2. g3 Nf6 3. Bg2 c6 4. b3 Bg4 5. Bb2 Nbd7 6. O-O Qc7 7. d4 e6 8. c4
Be7 9. Nc3 O-O 10. h3 Bf5 11. Nd2 Rad8 12. Rc1 Qb8 13. e3 b5 14. cxb5 cxb5 15.
Qe2 a6 16. a3 h6 17. g4 Bh7 18. f4 Rc8 19. Bf3 Ne8 20. Kg2 Nd6 21. Rh1 Bh4 22.
Rhg1 a5 23. Kh1 Rc7 24. Qh2 b4 25. axb4 axb4 26. Na4 Rfc8 27. Rxc7 Rxc7 28. f5
Rc2 29. Bd1 Rc8 30. Nc5 Nxc5 31. dxc5 Rxc5 32. fxe6 fxe6 33. Qe5 Rc3 34. Rf1 Bf6
35. Qxe6+ Nf7 36. Bf3 Rc2 37. Bxd5 Bg6 38. Bxf6 Rxd2 39. Be5 Qd8 40. e4 Qh4 41.
g5 Bxe4+ 42. Kg1 Qxg5+ 43. Qg4 Rg2+ 0-1

[Event "ch-USA w 2015"]
[Site "Saint Louis USA"]
[Date "2015.04.08"]
[Round "7.4"]
[White "Ni, Viktorija"]
[Black "Abrahamyan, Tatev"]
[Result "1/2-1/2"]
[WhiteTitle "WIM"]
[BlackTitle "WGM"]
[WhiteElo "2188"]
[BlackElo "2322"]
[WhiteFideId "11602252"]
[BlackFideId "13301918"]
[EventDate "2015.04.01"]

1. e4 c5 2. Nc3 d6 3. f4 Nc6 4. Bc4 g6 5. Nf3 Bg7 6. O-O e6 7. d3 Nge7 8. Qe1
Nd4 9. Nxd4 cxd4 10. Ne2 Nc6 11. Bd2 O-O 12. Bb3 Bd7 13. Kh1 Rc8 14. Ng1 a5 15.
a4 Qb6 16. Qh4 Nb4 17. f5 exf5 18. exf5 Bxf5 19. Bh6 Nxc2 20. Bxg7 Kxg7 21. Bxc2
Rxc2 22. Rxf5 gxf5 23. Qg5+ Kh8 24. Qf6+ Kg8 25. Qg5+ Kh8 26. Qf6+ Kg8 27. Qg5+ 1/2-1/2